| 000 | 00702cam a2200229 a 4500 | ||
|---|---|---|---|
| 001 | 000010520 | ||
| 005 | 20200929162237.0 | ||
| 008 | 940812s1993 sp 001 0 spa d | ||
| 020 | _a8479061863 | ||
| 040 |
_aDO-SdBNP _cDLC |
||
| 082 |
_a862.64 _bC169t |
||
| 100 | 1 |
_aCalvo-Sotelo, Joaquín. _d1905-1993 _925526 |
|
| 240 | 1 | 0 |
_aPlays. _kSelections |
| 245 | 1 | 0 |
_aTeatro casi completo / _cJoaquín Calvo-Sotelo. |
| 260 |
_aMadrid : _bGrupo Libro 88, _c1993. |
||
| 300 |
_a1708 p. ; _c22 cm. |
||
| 504 | _aIncluye referencias bibliográficas (p. [1705] -1708). | ||
| 650 | 4 |
_aTeatro español _93071 |
|
| 650 | 4 |
_aLiteratura española _9632 |
|
| 910 | _aCatalogación por copia / LC | ||
| 049 | _aBNGR | ||
| 999 |
_c10279 _d10279 |
||